000 00933nam2a22002411 4500
001 v19\rc\2054639
005 20250620022951.0
035 _a(NLR Aleph) 005132244
090 _a4720471
_c4720471
100 _a20081111d1908 |||y0rusy50 ca
101 0 _arus
102 _aRU
105 _ay z |||||
200 1 _a(Римское владычество)
210 _d1908
_aБ. м.
215 _a50 с.
461 0 _1001v19\rc\2054638
_12001#$aКонспекты по истории евреев (вместо учебника)$vВып. 3
_1700#1$aГальперн$bС.С.$gСимон Саулович
_94720462
_aГальперн, С.С.
_cВильна
_d1908
_tКонспекты по истории евреев (вместо учебника)
_vВып. 3
532 1 3 _aРимское владычество
801 0 _aRU
_bNLR
_gpsbo
801 1 _aRU
_bProSoft-M
_2rusmarc
852 _aNLR
_j34.87.4.543
942 _cBOOK
980 _aNB